Top 10 des marques de voitures les plus vendues en 2025 - Statistiques

Statistiques générales
  • Ce quiz a été pris 218 fois
  • Le résultat moyen est 5 sur 10
Statistiques - réponses
Top Marques % Correct
1 Toyota
78%
3 Ford
66%
2 Volkswagen
65%
6 Honda
54%
5 Hyundai
52%
8 Nissan
41%
9 Kia
37%
10 Chevrolet
35%
4 BYD
33%
7 Suzuki
28%
Aucun quiz correspondant
Distribution des résultats
% des personnes avec chaque résultat
Percentile par nombre de réponses
Votre historique - résultats
Vous n’avez pas pris ce quiz